000 00344 a2200157 4500
001 61108
020 _a9783190118243
040 _cAnchieta - Pituba
100 _aPuchta, Herbert
240 1 0 _aIdeen
_lpor
245 1 0 _aIdeen
300 _a152
362 0 _a2008
650 4 _aLínguas germânicas (teutônicas) língua alemã
942 _cBK
999 _c61108
_d61108